Pactos en el contrato de compraventa en interés del vendedor / (Record no. 147485)
[ view plain ]
| 000 -LEADER | |
|---|---|
| fixed length control field | 00762cac a2200205 4500 |
| 008 - FIXED-LENGTH DATA ELEMENTS--GENERAL INFORMATION | |
| fixed length control field | 090423t20062006sp 000 0 spa u |
| 020 ## - INTERNATIONAL STANDARD BOOK NUMBER | |
| International Standard Book Number | 8497728963 |
| 050 04 - LIBRARY OF CONGRESS CALL NUMBER | |
| Classification number | KKT640 |
| Item number | M64 2006 |
| 100 1# - MAIN ENTRY--PERSONAL NAME | |
| Personal name | Mohino Manrique, Ana |
| 245 10 - TITLE STATEMENT | |
| Title | Pactos en el contrato de compraventa en interés del vendedor / |
| Statement of responsibility, etc | Ana Mohino Manrique. |
| 250 ## - EDITION STATEMENT | |
| Edition statement | 1a ed. |
| 260 ## - PUBLICATION, DISTRIBUTION, ETC. (IMPRINT) | |
| Place of publication, distribution, etc | Madrid, España : |
| Name of publisher, distributor, etc | DYKINSON, |
| Date of publication, distribution, etc | 2006 |
| 300 ## - PHYSICAL DESCRIPTION | |
| Extent | 414 páginas ; |
| Dimensions | 21 cm. |
| 440 #0 - SERIES STATEMENT/ADDED ENTRY--TITLE | |
| Title | Monografías de derecho romano, |
| Number of part/section of a work | Derecho Público y Privado Romano, |
| Volume number/sequential designation | No.18. |
| 504 ## - BIBLIOGRAPHY, ETC. NOTE | |
| Bibliography, etc | Bibliografía : páginas 389-414 |
| 650 #7 - SUBJECT ADDED ENTRY--TOPICAL TERM | |
| Topical term or geographic name as entry element | Propiedad |
| Geographic subdivision | España |
| Source of heading or term | lemb |
| 650 #7 - SUBJECT ADDED ENTRY--TOPICAL TERM | |
| Topical term or geographic name as entry element | Compraventa de bienes raices |
| Geographic subdivision | España |
| Source of heading or term | Lemb |
| 650 #7 - SUBJECT ADDED ENTRY--TOPICAL TERM | |
| Topical term or geographic name as entry element | Ventas |
| General subdivision | Contratos y especificaciones |
| Geographic subdivision | España |
| Source of heading or term | Lemb |
| 942 ## - ADDED ENTRY ELEMENTS (KOHA) | |
| Source of classification or shelving scheme | Biblioteca del Cogreso de los Estados Unidos |
| Koha item type | Libro |
| Estado de pérdida | Fuente de clasificación | Estado del daño | No para préstamo | Ubicación permanente | Ubicación actual | Apartado o colección | Fecha de adquisición | Edición | Dependencia de educación superior (DES) | Área del conocimiento | Total Checkouts | Clasificación | Código de Barras | Date last seen | Número de copia | Costo por reposición | Tipo de recurso |
|---|---|---|---|---|---|---|---|---|---|---|---|---|---|---|---|---|---|
| Biblioteca del Cogreso de los Estados Unidos | Biblioteca de la Facultad de Derecho y Ciencias Sociales "Felipe J. Tena" | Biblioteca de la Facultad de Derecho y Ciencias Sociales "Felipe J. Tena" | General | 18/05/2022 | 1a ed. | Derecho | Ciencias Sociales y Administrativas | KKT640 M64 2006 | BFD000013143 | 18/05/2022 | 1 | 1.00 | Libro |